000
00309nam a2200133Ia 4500
008
231017s9999 xx 000 0 und d
082
_a
624.1834
082
_b
ACI
245
0
_a
Recent approaches to shear design of structural concrete
245
0
_c
ACI
260
_b
ACI
300
_c
30cm
942
_c
REP
999
_c
605599
_d
605599